000 00275nam a2200121 a 4500
008 100920s1990|||| d
245 1 0 _aČary lásky
100 1 _aErdrichová, Louise
260 _bSmena
_aBratislava
_c1990
020 _c32
044 _axo
_cSK
041 _aslo
999 _c10522
_d10522